Normal view MARC view

Entry Personal Name

Number of records used in: 2

001 - CONTROL NUMBER

  • control field: 68230

003 - CONTROL NUMBER IDENTIFIER

  • control field: dpl

005 - DATE AND TIME OF LATEST TRANSACTION

  • control field: 20240708152230.0

008 - FIXED-LENGTH DATA ELEMENTS

  • fixed length control field: 240708|| aca||aabn | a|a d

040 ## - CATALOGING SOURCE

  • Original cataloging agency: dpl
  • Transcribing agency: dpl

100 ## - HEADING--PERSONAL NAME

  • Personal name: Tripathi, Vanita

670 ## - SOURCE DATA FOUND

  • Source citation: Work cat.: (dpl)204013: Tripathi, Vanita, Basic Financial Management/, 2017

© Delhi Public Library
Hit Counter
free hit counter